000 01161nam a2200313Ia 4500
005 20220317001544.0
008 161108s2006 sp o g 000 0 s
020 _a8434227347
082 0 4 _a787.87
_bB71c
100 1 _aBraid, David
245 1 0 _aCurso completo de guitarra clásica
_cDavid Braid ; traducción Jorge Rizzo ; fotografía Chris Christodoulou
250 _a4a. edición
300 _a144 páginas
_bfotografias en color
_c30 cm + 1 CD
534 _tPlay classical guitar
650 1 4 _2LEMB
_aMúsica
_xEnseñanza elemental
650 1 4 _2LEMB
_aApreciación musical
_xEnseñanza elemental
650 1 4 _2LEMB
_aEstética musical
650 1 4 _2LEMB
_aGuitarra
_xAcordes
_xEnseñanza
650 1 4 _2LEMB
_aGuitarra
_xEnseñanza
650 1 4 _2LEMB
_aInstrumentos musicales
_xEnseñanza elemental
_vTécnica Interpretativa
700 1 _aChristodoulou, Chris
_efotógrafo
_975713
700 1 _aRizzo, Jorge
_etraductor
_975714
942 _2ddc
_cBK
264 _aBarcelona
_bParramón
_c2006
336 _atexto
_btxt
_2rdacontent
337 _asin mediación
_bn
_2rdamedia
338 _avolumen
_bnc
_2rdacarrier
040 _aCO-BoRNBP
_bspa
_erda
_cCO-BoRNBP
999 _c7358
_d7358